1972 1959 1584 1332 1333 1121 1934 1458 1653 1575 1724 1122 1937 1265 1529 1208 1127 1605 1087 1713 1001 1982 1204 1170 1979 1342 1810 1327 1094 1008 1103 1123 1383 1942 1665 1892 1489 1602 1312 1549 1518 1993 1356 1073 1912 1073 1299 1245 1925 1152 1842 1257 1917 1022 1632 1519 1463 1478 1831 1270 1634 1757 1541 1615 1188 1056 1812 1359 1172 1957 1954 1955 1988 1236 1984 1560 1851 1550 1318 1858 1933 1536 1227 1472 1277 1203 1905 1647 1590 1710 1389 1190 1587 1632 1906 1411 1404 1582 1841 BCNSPRNW ULIB Ver.6.0+V

เปลี่ยนเป็นภาษาไทย

Change to English
 แสดงรายละเอียดบรรณานุกรม
  กลับหน้าหลัก

Brief Record : Get Marc (ISO 2709) : E-mail record : QR code < ปิดหน้าต่าง
LEADER : 00000nam 2200000uu 4500
001    13399127416
003     ULIB
008    200520s2562||||th 000 0 tha d
020 ^  ^a9786160035779
050 ^  ^aนว^bณ429ณ
100 0  ^aณารา.
245 ^  ^aณ ปลายรุ้งฉันจะรอเธอ =^bOver the rainbow /^cณารา.
246 3  ^aOver the rainbow
250 ^  ^aพิมพ์ครั้งที่ 1.
260 ^  ^aกรุงเทพฯ :^bพิมพ์คำ,^c2562.
300 ^  ^a552 หน้า ;^c21 ซม.
945    ^p380^l0^i007090
999    ^aประนอม เกษจรัล
รายการนี้ยังไม่มีแท็ก
คุณยังไม่ได้ล็อกอิน คุณสามารถมีกิจกรรมร่วมกับเว็บไซต์ได้ แต่ต้องล็อกอินก่อน ::
  ล็อกอิน

รายการสื่อสารสนเทศ

ลำดับที่ ประเภท เลขเรียก/บาร์โค้ด สถานที่ สถานะ
1. นวนิยาย
นวนิยาย
นว ณ429ณ ฉ.1 
  Barcode: 007090
ห้องสมุดวิทยาเขตสวรรค์ประชารักษ์
►หนังสือทั่วไป
บนชั้น

รายการใกล้เคียง
    ผู้แต่ง [ณารา.]

BibComment


ยังไม่เคยถูกคอมเมนท์

คอมเมนท์ทรัพยากรรายการนี้
  คอมเมนท์: ณ ปลายรุ้งฉันจะร..


 Copyright 2026. Bcnsprnw @Library